Statistics for Guess The Premier League 2021 Player

Click here to take the quiz!

General Stats

  • This quiz has been taken 270 times
  • The average score is 11 of 15

Answer Stats

Answer% Correct
Harry Kane
100%
Mason Mount
96%
Mohamed Salah
95%
Kevin De Bruyne
92%
Jamie Vardy
91%
Bruno Fernandes
90%
Jesse Lingard
88%
Trent Alexander-Arnold
88%
Ilkay Gundogan
84%
Luke Shaw
75%
Alphonse Areola
62%
Patrick Bamford
57%
Nicolas Pepe
49%
Che Adams
38%
Trezeguet
29%

Score Distribution

Percentile by Number Answered

Percent of People with Each Score

Your Score History

You have not taken this quiz